000 00291nam a22001337a 4500
003 SGT
020 _a9784785801342
082 _a747.79
_bSHO
100 _aSHOTEN KENCHIKU
245 _aWORLD RESTAURANTS AND BARS
260 _aJAPAN
_bS.S.C PUB
_c2002
300 _a127
942 _2ddc
_cBK
999 _c34400
_d34400